000 01379cam a2200349 a 4500
999 _c5296
_d5296
001 .b18542396
003 OSt
005 20250902154310.0
008 200513s2019 nyua d 000 1 eng d
020 _a9780553510744
_q(pbk.)
020 _a0553510746
_q(pbk.)
040 _aLPL
_beng
_cLPL
_dGK8
_dYDX
_dCLE
_dCNWPU
_dOCL
_dYDXIT
_dKH8
042 _anbic
082 _aFIC PUL
100 1 _aPullman, Philip,
_d1946-
_eauthor.
245 1 0 _aThe book of dust /
_cPhilip Pullman.
260 _aNew York :
_bAlfred A. Knopf,
_c2019.
300 _a453 p. :
_bill. ;
_c21 cm.
490 1 _aThe book of dust ;
_vv. 1.
520 _aWhen Malcolm finds a secret message inquiring about a dangerous substance called Dust, he finds himself embroiled in a tale of intrigue featuring enforcement agents from the Magisterium, a woman with an evil monkey daemon, and a baby named Lyra.
586 _aBooklist Editors' Choice: Books for Youth, 2017.
586 _a2018 YALSA Best Fiction for Young Adults.
650 0 _aBelacqua, Lyra (Fictitious character)
_vJuvenile fiction.
650 0 _aFriendship
_vJuvenile fiction.
650 0 _aFamiliars (Spirits)
_vJuvenile fiction.
650 0 _aAdventure stories.
650 0 _aSpy stories.
650 0 _aTaverns (Inns)
_vJuvenile fiction.
650 0 _aInfants
_vJuvenile fiction.
650 0 _aMagic
_vJuvenile fiction.
942 _2ddc
_cFIC